000 00643nam a2200181Ia 4500
008 090630s9999 xx 000 0 und d
082 _b13637
100 _aरावजी आशु - कानडे दिनू.
245 _aसजनी.
_cरावजी आशु - कानडे दिनू.
260 _bडॉल्फीन - गोवा.
_c1992
300 _a195
600 _aरावजी आशु - कानडे दिनू.
630 _aसजनी.
655 _aकादंबरी.
700 _aरावजी आशु - कानडे दिनू.
730 _aसजनी.
942 _cBOOK
999 _c265493
_d265493